<?xml version="1.0" encoding="UTF-8"?>
<collection xmlns="http://www.loc.gov/MARC21/slim">
 <record>
  <leader>03472cam a2200313 a 4500</leader>
  <controlfield tag="001">1/43745</controlfield>
  <controlfield tag="008">130830s2010    enka     b    001 0 eng  </controlfield>
  <datafield tag="020" ind1=" " ind2=" ">
   <subfield code="a">9780521196475</subfield>
  </datafield>
  <datafield tag="035" ind1=" " ind2=" ">
   <subfield code="l">46674</subfield>
  </datafield>
  <datafield tag="040" ind1=" " ind2=" ">
   <subfield code="a">DLC</subfield>
   <subfield code="c">DLC</subfield>
   <subfield code="d">GR-PeUP</subfield>
  </datafield>
  <datafield tag="082" ind1="0" ind2="0">
   <subfield code="a">363.738΄746 ELL</subfield>
  </datafield>
  <datafield tag="100" ind1="1" ind2=" ">
   <subfield code="a">Ellerman, A. Denny.</subfield>
  </datafield>
  <datafield tag="245" ind1="1" ind2="0">
   <subfield code="a">Pricing carbon :</subfield>
   <subfield code="b">the European Union Emissions Trading Scheme /</subfield>
   <subfield code="c">principal authors, A. Denny Ellerman, Frank J. Convery, Christian De Perthuis ; contributing authors, Emilie Alberola ... [et al.].</subfield>
  </datafield>
  <datafield tag="260" ind1=" " ind2=" ">
   <subfield code="a">New York :</subfield>
   <subfield code="b">Cambridge University Press,</subfield>
   <subfield code="c">2010.</subfield>
  </datafield>
  <datafield tag="300" ind1=" " ind2=" ">
   <subfield code="a">xxi, 368 σ. :</subfield>
   <subfield code="b">εικ. ;</subfield>
   <subfield code="c">24 εκ.</subfield>
  </datafield>
  <datafield tag="504" ind1=" " ind2=" ">
   <subfield code="a">Περιέχει βιβλιογραφία και ευρετήριο.</subfield>
  </datafield>
  <datafield tag="520" ind1=" " ind2=" ">
   <subfield code="a">&quot;The European Union's Emissions Trading Scheme (EU ETS) is the world's largest market for carbon and the most significant multinational initiative ever taken to mobilize markets to protect the environment. It will be an important influence on the development and implementation of trading schemes in the US, Japan, and elsewhere. However, as is true of any pioneering public policy experiment, this scheme has generated much controversy. Pricing Carbon provides the first detailed description and analysis of the EU ETS, focusing on the first 'trial' period of the scheme (2005-7). Written by an international team of experts, it allows readers to get behind the headlines and come to a better understanding of what was done and what happened based on a dispassionate, empirically based review of the evidence. This book should be read by anyone who wants to know what happens when emissions are capped, traded, and priced&quot;--Provided by publisher.</subfield>
  </datafield>
  <datafield tag="520" ind1=" " ind2=" ">
   <subfield code="a">&quot;Pricing Carbon provides the first detailed description and analysis of the EU ETS, focusing on the first, 'trial', period of the scheme (2005 to 2007). Written by an international team of experts, it allows readers to get behind the headlines and come to a better understanding of what was done and what happened based on a dispassionate, empirically based review of the evidence. This book should be read by anyone who wants to know what happens when emissions are capped, traded, and priced&quot;--Provided by publisher.</subfield>
  </datafield>
  <datafield tag="505" ind1="8" ind2=" ">
   <subfield code="a">Machine generated contents note: List of figures; List of tables; List of boxes; List of appendices; Frequently used abbreviations; 1. Introduction; 2. Origins and development of the EU ETS; 3. Allowance allocation; 4. Effects of free allocation; 5. Market development; 6. Emissions abatement; 7. Industrial competitiveness; 8. Costs; 9. Linkage and global implications; 10. Conclusions; 11. Annex: the interaction between the EU ETS and European electricity markets; 12. Appendices; 13. Bibliography; Index.</subfield>
  </datafield>
  <datafield tag="650" ind1=" " ind2="4">
   <subfield code="a">Emissions trading</subfield>
   <subfield code="z">European Union countries.</subfield>
  </datafield>
  <datafield tag="650" ind1=" " ind2="4">
   <subfield code="a">Carbon offsetting</subfield>
   <subfield code="z">European Union countries.</subfield>
  </datafield>
  <datafield tag="700" ind1="1" ind2=" ">
   <subfield code="a">Convery, Frank J.</subfield>
  </datafield>
  <datafield tag="700" ind1="1" ind2=" ">
   <subfield code="a">Perthuis, Christian de.</subfield>
  </datafield>
  <datafield tag="852" ind1=" " ind2=" ">
   <subfield code="a">INST</subfield>
   <subfield code="b">UNIPILB</subfield>
   <subfield code="c">MAIN</subfield>
   <subfield code="e">20130830</subfield>
   <subfield code="h">363.738΄746 ELL</subfield>
   <subfield code="p">00169412</subfield>
   <subfield code="q">00169412</subfield>
   <subfield code="t">CLOCOL</subfield>
   <subfield code="y">23</subfield>
   <subfield code="4">1</subfield>
  </datafield>
  <datafield tag="856" ind1="4" ind2="2">
   <subfield code="3">Cover image</subfield>
   <subfield code="u">http://assets.cambridge.org/97805211/96475/cover/9780521196475.jpg</subfield>
  </datafield>
  <datafield tag="856" ind1="4" ind2="1">
   <subfield code="3">Table of contents only</subfield>
   <subfield code="u">http://www.loc.gov/catdir/enhancements/fy1009/2009038173-t.html</subfield>
  </datafield>
  <datafield tag="856" ind1="4" ind2="2">
   <subfield code="3">Publisher description</subfield>
   <subfield code="u">http://www.loc.gov/catdir/enhancements/fy1009/2009038173-d.html</subfield>
  </datafield>
  <datafield tag="856" ind1="4" ind2="2">
   <subfield code="3">Contributor biographical information</subfield>
   <subfield code="u">http://www.loc.gov/catdir/enhancements/fy1009/2009038173-b.html</subfield>
  </datafield>
  <datafield tag="856" ind1="4" ind2=" ">
   <subfield code="d">/webopac/covers/03/46674_9780521196475.jpg</subfield>
  </datafield>
 </record>
</collection>
